000 01568cam a22004574i 4500
003 PE-LiUPU
005 20250731172808.0
008 150617s1979 ag r 000 0 spa d
020 _a0311090931
035 _a(Sirsi) i9780311090938
040 _aPE-LiUPU
_bspa
_cPE-LiUPU
_erda
049 _aPRUA
082 0 4 _a231.3
_bC84
_221
100 1 _aCrane, James D.,
_eautor.
245 1 3 _aEl Espíritu Santo en la Experiencia del Cristiano /
_cJames D. Crane.
264 1 _aBuenos Aires :
_bCasa Bautista,
_c1979.
300 _a128 páginas ;
_c21 centímetros
336 _atext
_2rdacontent
337 _aunmediated
_2rdamedia
338 _avolume
_2rdacarrier
505 0 _aLos recursos del cielo -- El comienzo -- El don del Espíritu -- Los dones del Espíritu -- La plenitud del Espíritu.
526 _aSEG42
526 _aSEG41
526 _aSEG40
526 _aSEG39
526 _aP94
526 _aP87
526 _aP86
526 _aP85
526 _aP77
526 _aP76
526 _aP35
650 0 4 _aEspíritu Santo.
_91618
910 _ajck
_bjvq
_cjck
_d20150616
942 _2ddc
_cBOOK
949 _a231.3 C84
_wDEWEY
_c1
_i19046
_d2016-6-23
_e2016-6-23
_lCCODEBUL1
_mBUL
_n1
_r0
_sY
_tBOOK
_u2015-6-17
_xTEOLOGIA
_PP35
_0COMPRA
_o.STAFF. Colección Teología
994 _aC0
_bPEPRU
596 _a1
999 _a231.3 C84
_wDEWEY
_c3817
_i19046
_d3817
_e2018-11-21
_f2021-11-11
_g6
_lCCODEBUL1
_mBUL
_n2
_p10.00
_r0
_sY
_tBOOK
_u2015-6-17
_xTEOLOGIA
_PP35
_0COMPRA
_o.STAFF. Colección Teología
980 _81
_gALBERTO SANCHEZ Responsable de Automatización